Transatlantic Songs Using Any Word - Statistics

General Stats
  • This quiz has been taken 26 times
  • The average score is 49 of 75
Answer Stats
Answer % Correct
Any You and I
100%
I Need You
100%
In Held ('Twas) in I
100%
The World We Used to Know
100%
All of the Above
94%
A Man Can Feel
94%
A Salty Dog
94%
Beyond the Sun
94%
Black as the Sky
94%
Can't Get It Out of My Head
94%
Duel with the Devil
94%
For such a Time
94%
Heart Like a Whirlwind
94%
Higher Than the Morning
94%
Higher Than the Morning
94%
Into the Blue
94%
Lending a Hand
94%
Looking for the Light
94%
Looking for the Light
94%
Looking for the Light (Reprise)
94%
Looking for the Light (Reprise)
94%
Love Made a Way
94%
Love Made a Way
94%
Love Made a Way (Prelude)
94%
Love Made a Way (Prelude)
94%
On the Prowl
94%
Out of the Night
94%
Reaching for the Sky
94%
The Darkness in the Light
94%
The Darkness in the Light
94%
The Greatest Story Never Ends
94%
The Greatest Story Never Ends
94%
The Return of the Giant Hogweed
94%
The Sun Comes Up Today
94%
The Wind Blew Them All Away
94%
Can You Feel It
88%
Dancing With Eternal Glory/Whirlwind (Reprise)
88%
Is It Really Happening?
88%
Nights in White Satin
88%
Shine on You Crazy Diamond
88%
Stranger in Your Soul
88%
We All Need Some Light
88%
Lay Down Your Life
81%
Pieces of Heaven
75%
Kaleidoscope
69%
Bridge Across Forever
63%
My New World
63%
Take Now My Soul
63%
Overture/Whirlwind
56%
Set Us Free
44%
Rainbow Sky
38%
Shine
31%
Soul Sacrifice
31%
Evermore
25%
Lenny Johnson
25%
Overture
25%
Overture
25%
Rose Colored Glasses
25%
Owl Howl
19%
Owl Howl
19%
Suite Charlotte Pike
19%
Swing High, Sing Low
19%
Belong
13%
Belong
13%
Bully
13%
Conquistador
13%
Goodbye Yellow Brick Road
13%
Indiscipline
13%
Lonesome Rebel
13%
Mystery Train
13%
Solitude
13%
Solitude
13%
Spinning
13%
Sylvia
13%
Tin Soldier
13%
No matching quizzes found
Score Distribution
Percent of People with Each Score
Percentile by Number Answered
Your Score History
You have not taken this quiz